History of a dramatic tribal (Record no. 533446)

000 -LEADER
fixed length control field 00995nam a22001457a 4500
008 - FIXED-LENGTH DATA ELEMENTS--GENERAL INFORMATION
fixed length control field 260526b ||||| |||| 00| 0 eng d
100 ## - MAIN ENTRY--PERSONAL NAME
Personal name Saghar, Amol
245 ## - TITLE STATEMENT
Title History of a dramatic tribal
260 ## - PUBLICATION, DISTRIBUTION, ETC. (IMPRINT)
Place of publication, distribution, etc The Book Review
300 ## - PHYSICAL DESCRIPTION
Extent 49(1), Jan, 2025: p.10-12
520 ## - SUMMARY, ETC.
Summary, etc In 1966, AG Noorani in his important work. The trail of Bhagat Singh politics of justices provided detailed insights into the trial of Bhagat Singh. Rajguru and Sukhdev, albeit form algal perspective. That Singh and his two comrades were victims of a travesty of justice that amounted to nothing short of judicial murder, was one of the core arguments of Norani’s murder, was one of the core arguments of Noorani’s book. Following this study, a range of works focusing on the activities of Bhagat Singh and by extension, the Hindustan socialist republication association (HSRA), came out in quick succession. –Reproduced
773 ## - HOST ITEM ENTRY
Main entry heading The Book Review
906 ## - LOCAL DATA ELEMENT F, LDF (RLIN)
Subject DIP BOOK REVIEW
942 ## - ADDED ENTRY ELEMENTS (KOHA)
Item type Articles
Holdings
Withdrawn status Lost status Source of classification or shelving scheme Damaged status Not for loan Permanent location Current location Date acquired Serial Enumeration / chronology Barcode Date last seen Koha item type
          Indian Institute of Public Administration Indian Institute of Public Administration 2026-05-26 49(1), Jan, 2025: p.10-12 AR138940 2026-05-26 Articles

Powered by Koha